| 000 | 04016nam a22002657a 4500 | ||
|---|---|---|---|
| 003 | DO-SdBJH | ||
| 005 | 20260310192438.0 | ||
| 008 | 260310b2025 |||d|||| |||| 00| 0 spa d | ||
| 040 |
_aDO-SdBJH _bspa _cDO-SdBJH |
||
| 041 | 0 | _aspa | |
| 090 |
_aCT MA-SDN 0016 _bEGAEE 2025 |
||
| 100 | 1 |
_aSantos Aquino, Martirez de los _esustentante |
|
| 245 | 1 | 0 |
_aAnálisis de las estrategias de programas de fomento a la cultura de defensa en República Dominicana 2020-2023 / _cMartirez de los Santos Aquino ; asesor de contenido Santo D. Guerrero Clase ; asesor metodológico Santiago Edmundo Morales Gómez. |
| 260 |
_aSanto Domingo, República Dominicana : _bUNADE, _c2025. |
||
| 300 |
_axxvi, 97 páginas : _bgráficas. |
||
| 502 | _aTesis y trabajos de grado (Maestría en Seguridad y Defensa Nacional)--Universidad Nacional para la Defensa "General Juan Pablo Duarte y Díez", Escuela de Graduados de Altos Estudios Estratégicos, Santo Domingo, 2025. | ||
| 504 | _aIncluye referencias bibliográficas y anexos. | ||
| 505 | _aLas relaciones civiles, militar y su importancia en el desarrollo de la cultura de defensa en la República Dominicana -- Aportes de las instituciones educativas y medios de comunicación, al fomento de la cultura de la defensa, 2020-2023 -- Analizar las políticas y estrategias que fortalecen la cultura de defensa en los ciudadanos dominicanos. | ||
| 520 | _aLa presente investigación, titulada: "Análisis de las estrategias de programas de fomento a la cultura de defensa en República Dominicana 2020-2023", tuvo el interés analizar de forma crítica y coherente las políticas diseñadas por el Estado Dominicano en lo que se refiere a los programas e iniciativas para impulsar y fortalecer la cultura de defensa, que se entiende como el compromiso de la sociedad civil como la elite militar, ambas contribuyen a la seguridad, la soberanía, la identidad nacional. Se planteó que la defensa nacional no es solo asunto de las Fuerzas Armadas, sino también de toda la ciudadanía y de los sectores que interactúan con ella. Metodológicamente, se empleó un enfoque cualitativo, con un diseño no experimental y de corte transversal, apoyado en la revisión documental de fuentes primarias y secundarias, entrevistas a expertos en seguridad y defensa, así como el análisis histórico y comparativo de políticas de defensa tomada como referencias implementadas en otros países. Este enfoque permitíos comprender como has evolucionado de la cultura de defensa y sus vínculos con la gobernabilidad y la democrática. Entre los principales hallazgos, se evidencia que la República Dominicana ha avanzado en el fortalecimiento de las relaciones civiles y militares, consolidando el carácter apolítico de las Fuerzas Armadas y reconociendo el papel de la educación y los medios de comunicación en la formación de una ciudadanía consciente de su realidad y mejor informada en los asuntos de la defensa. No obstante, persisten desafíos como la necesidad de mayor participación social, coordinación interinstitucional y modernización de las políticas frente a amenazas contemporáneas como la migración irregular y el crimen organizado. La investigación concluyó que las estrategias del período 2020-2023 constituyen un avance significativo, pero requieren continuidad de las políticas y estrategia, evaluación constante de los medios y métodos de las políticas de defensa y mayor inversión en tecnología, educación media y superior, para garantizar una cultura de defensa sostenible y alineada con los intereses, objetivos nacionales y los principios democráticos. | ||
| 650 | 7 |
_2lemb _aDefensa nacional _vInvestigaciones _xRelaciones civiles y militares _y2020-2023 _zRepública Dominicana |
|
| 650 | 7 |
_2lemb _aCultura de Defensa _vInvestigaciones _xSeguridad nacional _y2020-2023 _zRepública Dominicana |
|
| 700 | 1 |
_aGuerrero Clase, Santo D. _easesor de contenido |
|
| 700 | 1 |
_aMorales Gómez, Santiago Edmundo _easesor metodológico |
|
| 942 |
_2CL _cT |
||
| 999 |
_c8602 _d8602 |
||